000 00581nam a2200193Ia 4500
008 090124s9999 xx 000 0 und d
082 _b30357
_a3466
100 _aडे शोभा
245 _a सिलेक्टिव्ह मेमरी
250 _a1
260 _c2000
300 _a599
600 _aडे शोभा
630 _a सिलेक्टिव्ह मेमरी
700 _aडे शोभा
700 _aवेलणकर अपर्णा
730 _a सिलेक्टिव्ह मेमरी
942 _cBOOK
999 _c143838
_d143838